| 000 | 10456nkc a22006737a 4500 | ||
|---|---|---|---|
| 001 | 85835 | ||
| 005 | 20260429100644.0 | ||
| 007 | kh bo | ||
| 008 | 260422s1960 sp ||||| |||| |0| i|spa d | ||
| 040 |
_aM-RABA _bspa _cM-RABA |
||
| 245 | 0 | 1 |
_a[Diego Velázquez _b: obras de su taller en Estados Unidos] _h[Material gráfico] |
| 260 | _c[ca. 1960] | ||
| 300 |
_a16 fotografías _b: reproducción fotomecánica _c; 12,5 x 10,6 cm (medidas mínimas) _c; 27 x 24 cm (medidas máximas) |
||
| 500 | 0 | 0 | _aConjunto de 16 fotografías que representan diferentes obras del pintor español Diego Velázquez que realizó en uno de sus talleres en Estados Unidos y que actualmente se conservan (la gran mayoría) en diferentes museos de este país. Las fotografías van acompañadas además de un sobre con anotaciones manuscritas a tinta: "Fots. Velázquez en taller en los Estados Unidos. (La fot. mayor de S. Juan del Museo de Chicago en la carpeta general de fotografías velazqueñas)". |
| 500 | 0 | 0 | _aAnotaciones manuscritas a lápiz en el verso de las imágenes: "Velazquez- Portrait of the Infanta María Theresa. B2691" (Fot-781) ; "Velazquez, Diego Rodríguez de Silva 1599-1660. Portrait of a little girl". Filigrana en el papel "Hispanic Society of America" (Fot-782); "M. Metropolitan N.York. Vel. 24373R"(Fot-783); "Velazquez, Diego Rodríguez de Silva 1599-1660. A Crdinal, probably Camillo Pamfili". Filigrana en el papel "Hispanic Society of America" (Fot-784); "Velazquez, Diego Rodríguez de Silva 1599-1660. Gaspar de Guzmán, Count-Duke of Olivares" (Fot-785); "N.York. M. Metropolitano (Altman Col.). Procedente de la Coll. Villahermosa. V. Mélida, etc." (Fot-786); "(..) cree Gómez Moreno me (..) atentamente (la miró con lupa más allá) en otro lado (..) sin acabar" (Fot-787); "Col. Emery. Preguntar si ignora que tiene una proced. según y ? (..)" (Fot-789); "Man with the Wine Glass. Velsquez. The Toledo Museun of Arte. Gift of Edward Drummond Libbey. Exhibited in Metropolitan Museum, New York, 1928" (Fot-790); "Velasquez. Isabella, wife of Philip IV of Spain. Max Epstein Colection. Las manos no le gusta a Gómez Moreno. (..) de la valentía velazqueña en el traje" (Fot-792); ilegible (Fot-793); "Mayer Burlington Magazine. Enero 1922. Perteneció (1845) a William. Según Mayer cosa que no creo exacta pues el lienzo de Deering es mayor que el alto a (..) medidas que da el cat. de Curtis -1,40 x 1.06- cita Curtis bastante bibliografía del cuadro propiedad de William Standish y Louis Felipe. Otra (..) mayor en Guernica. 67 x 59 inches. Owner, Charles Deering Esq. 137 Sª La Salle, Sª Chicago, USA" (Fot-794); "Spanish School Drawing. Leonora Hall Gurley Memorial Collection. Lo estudio Mayer, (..) cree español" (Fot-795); "Pareja, Juan. Communion of St. Mary Magdalene. Loan Collection" (Fot-796). |
| 500 | 0 | 0 | _aSello a tinta en el verso: "Museum of Fine Arts. Boston, Massachusets" (Fot-781) ; "29'' x 32-1/2'' canvas. Woman at Work by Velasquez" (Fot-787); "Cincinnati Museum Association. Photograph No. 1776" (Fot-788); "Cincinnati Museum Association. Photograph No. 3321" (Fot-789) ; "Museum of Fine Arts. Boston, Massachusets" (Fot-791) ; "The Arte Institute of Chicago. Photograph Department. Neg. No. C7744" (Fot-792) ; "A. C. COOPER. Fine Art Photographer, 10, Rose and Crown Yard. ST. James, S.W.1. Gerrard 1891" (Fot-794) ; "The Arte Institute of Chicago. Photograph Department. Neg. No. C7376" (Fot-795) ; "The Arte Institute of Chicago. Photograph Department. Neg. No. C6085" (Fot-796). |
| 505 | _a"Infanta María Teresa". Museum of Fine Arts de Boston (Fot-781) -- "Retrato de una joven". Metropolitan Museum of Art (Fot-782) -- "Cena de Emaús". Metropolitan Museum of Art (Fot-783) -- "Camillo Astalli o El cardenal Pamphili". Hispanic Society New York (Fot-784) -- "Conde duque de Olivares". Colección Várez Fisa, Madrid (Fot-785) -- "Felipe IV". Meadows Museum, Dallas (Fot-786) -- "La costurera". National Gallery of Washington (Fot-787) -- "Mujer con chal blanco". Museo de Cincinati (Fot-788) -- "Felipe IV". Museo del Prado (Fot-789) -- "Hombre con un vaso de vino". Toledo Museum of Art, Ohio (Fot-790) -- "El príncipe Baltasar Carlos con un enano". Museum of Fine Arts de Boston (Fot-791) -- "Retrato de la reina Isabel de Borbón". Museo de Bellas Artes de Viena (Fot-792) -- "Trabajo". Art Institute de Chicago (Fot-793) -- "San Juan Bautista en el desierto". Art Institute de Chicago (Fot-794) -- "Retrato de un muchacho". Art Institute de Chicago (Fot-795) -- "Comunión de Santa María Magdalena". (Ubicación desconocida). Este cuadro está firmado por Juan Pareja, uno de los asistentes de Diego Velázquez (Fot-796). | ||
| 600 | 1 | 7 |
_aVelázquez, Diego ( _d1599-1660) _923990 |
| 610 | 2 | 7 |
_aFine Arts Museum (Boston) _950897 |
| 610 | 2 | 7 |
_aHispanic Society of America. _950992 |
| 610 | 2 | 7 |
_aCincinnati Art Museum _919953 |
| 610 | 2 | 7 |
_aMetropolitan Museum of Art. _951230 |
| 610 | 2 | 7 |
_aArt Institute of Chicago _2embne _95395 |
| 651 | 7 |
_aEstados Unidos. _954103 |
|
| 655 | 7 |
_aFotografías de obras de arte _975675 |
|
| 852 | _jFot-781; Fot-782; Fot-783; Fot-784; Fot-785; Fot-786; Fot-787; Fot-788; Fot-789; Fot-790; Fot-791; Fot-792; Fot-793; Fot-794; Fot-795; Fot-796 | ||
| 856 |
_uhttps://archivoybiblioteca.realacademiabellasartessanfernando.com/cgi-bin/koha/opac-retrieve-file.pl?id=b9a830a188624eb56dac0f307fc4839c _yFot-781r |
||
| 856 |
_uhttps://archivoybiblioteca.realacademiabellasartessanfernando.com/cgi-bin/koha/opac-retrieve-file.pl?id=8715bc89ea872c585d3e6df8b6db3b41 _yFot-781v |
||
| 856 |
_uhttps://archivoybiblioteca.realacademiabellasartessanfernando.com/cgi-bin/koha/opac-retrieve-file.pl?id=5b26e24c4465e268b04c647bf826946a _yFot-782r |
||
| 856 |
_uhttps://archivoybiblioteca.realacademiabellasartessanfernando.com/cgi-bin/koha/opac-retrieve-file.pl?id=8c956e21242009b22d5a37da0534ac81 _yFot-782v |
||
| 856 |
_uhttps://archivoybiblioteca.realacademiabellasartessanfernando.com/cgi-bin/koha/opac-retrieve-file.pl?id=da02466a039f8f99125c75818a07463c _yFot-783r |
||
| 856 |
_uhttps://archivoybiblioteca.realacademiabellasartessanfernando.com/cgi-bin/koha/opac-retrieve-file.pl?id=47bfaed0f56c85b15b8663bd35a6d964 _yFot-783v |
||
| 856 |
_uhttps://archivoybiblioteca.realacademiabellasartessanfernando.com/cgi-bin/koha/opac-retrieve-file.pl?id=b70bbf464f0b582491871b0826f2a150 _yFot-784r |
||
| 856 |
_uhttps://archivoybiblioteca.realacademiabellasartessanfernando.com/cgi-bin/koha/opac-retrieve-file.pl?id=7227e6e0e155edb629eedc66071127e3 _yFot-784v |
||
| 856 |
_uhttps://archivoybiblioteca.realacademiabellasartessanfernando.com/cgi-bin/koha/opac-retrieve-file.pl?id=737ce9541b2b18d9d58a9e1285848185 _yFot-785r |
||
| 856 |
_uhttps://archivoybiblioteca.realacademiabellasartessanfernando.com/cgi-bin/koha/opac-retrieve-file.pl?id=cdcc876903e1233210eab6039bf3406e _yFot-785v |
||
| 856 |
_uhttps://archivoybiblioteca.realacademiabellasartessanfernando.com/cgi-bin/koha/opac-retrieve-file.pl?id=a915f75714496c8ac1c2eb32defb3b01 _yFot-786r |
||
| 856 |
_uhttps://archivoybiblioteca.realacademiabellasartessanfernando.com/cgi-bin/koha/opac-retrieve-file.pl?id=b6d8cb0ecac4b868b37ec61a8a74f12c _yFot-786v |
||
| 856 |
_uhttps://archivoybiblioteca.realacademiabellasartessanfernando.com/cgi-bin/koha/opac-retrieve-file.pl?id=97f81d5a80d95b2892bb2a24e2531857 _yFot-787r |
||
| 856 |
_uhttps://archivoybiblioteca.realacademiabellasartessanfernando.com/cgi-bin/koha/opac-retrieve-file.pl?id=84010fb356a4152cf9f3f1f16416108e _yFot-787v |
||
| 856 |
_uhttps://archivoybiblioteca.realacademiabellasartessanfernando.com/cgi-bin/koha/opac-retrieve-file.pl?id=442c8080fcb79839a1ce0bcd4e69eb08 _yFot-788r |
||
| 856 |
_uhttps://archivoybiblioteca.realacademiabellasartessanfernando.com/cgi-bin/koha/opac-retrieve-file.pl?id=f929870d9f368414fa9c98766ee6736e _yFot-788v |
||
| 856 |
_uhttps://archivoybiblioteca.realacademiabellasartessanfernando.com/cgi-bin/koha/opac-retrieve-file.pl?id=501fca81a44a0508daeb846e9460e66e _yFot-789 |
||
| 856 |
_uhttps://archivoybiblioteca.realacademiabellasartessanfernando.com/cgi-bin/koha/opac-retrieve-file.pl?id=5313e769adf6e0bed978375a3e83a66e _yFot-790r |
||
| 856 |
_uhttps://archivoybiblioteca.realacademiabellasartessanfernando.com/cgi-bin/koha/opac-retrieve-file.pl?id=8b8098ef49a7f691405becd7bfe99a4b _yFot-790v |
||
| 856 |
_uhttps://archivoybiblioteca.realacademiabellasartessanfernando.com/cgi-bin/koha/opac-retrieve-file.pl?id=a2210a2e7e8ac5038065ae6f11a7f9ce _yFot-791r |
||
| 856 |
_uhttps://archivoybiblioteca.realacademiabellasartessanfernando.com/cgi-bin/koha/opac-retrieve-file.pl?id=ab01c19cd05371fc2051717e76762add _yFot-791v |
||
| 856 |
_uhttps://archivoybiblioteca.realacademiabellasartessanfernando.com/cgi-bin/koha/opac-retrieve-file.pl?id=064748d53e4af788561f1eb4b432b1f9 _yFot-792r |
||
| 856 |
_uhttps://archivoybiblioteca.realacademiabellasartessanfernando.com/cgi-bin/koha/opac-retrieve-file.pl?id=6231c78e5a094df9980489279daf4900 _yFot-792v |
||
| 856 |
_uhttps://archivoybiblioteca.realacademiabellasartessanfernando.com/cgi-bin/koha/opac-retrieve-file.pl?id=2d8110b3c2b7f84339bc37d9df86d6e8 _yFot-793r |
||
| 856 |
_uhttps://archivoybiblioteca.realacademiabellasartessanfernando.com/cgi-bin/koha/opac-retrieve-file.pl?id=0fd49613ab35769c571a561e7203dd4c _yFot-793v |
||
| 856 |
_uhttps://archivoybiblioteca.realacademiabellasartessanfernando.com/cgi-bin/koha/opac-retrieve-file.pl?id=e62a41cf1167024b168a5942ef094638 _uhttps://archivoybiblioteca.realacademiabellasartessanfernando.com/cgi-bin/koha/opac-retrieve-file.pl?id=c81d114e7e89dd4ba591f8f064797643 _yFot-794r |
||
| 856 |
_uhttps://archivoybiblioteca.realacademiabellasartessanfernando.com/cgi-bin/koha/opac-retrieve-file.pl?id=c81d114e7e89dd4ba591f8f064797643 _yFot-794v |
||
| 856 |
_uhttps://archivoybiblioteca.realacademiabellasartessanfernando.com/cgi-bin/koha/opac-retrieve-file.pl?id=13988c7b4ffc4672a3ac0ef7713970f3 _yFot-795r |
||
| 856 |
_uhttps://archivoybiblioteca.realacademiabellasartessanfernando.com/cgi-bin/koha/opac-retrieve-file.pl?id=0b92072c38e5da1f5c22e8ccc0d144db _yFot-795v |
||
| 856 |
_uhttps://archivoybiblioteca.realacademiabellasartessanfernando.com/cgi-bin/koha/opac-retrieve-file.pl?id=b16f636b73ae13bc8557185313d7ccbc _yFot-796r |
||
| 856 |
_uhttps://archivoybiblioteca.realacademiabellasartessanfernando.com/cgi-bin/koha/opac-retrieve-file.pl?id=2d769104ba4dc4e4cb0af765e1803f6c _yFot-796v |
||
| 942 |
_cFOTOGRAFÍA _n0 |
||
| 999 |
_c85835 _d85835 |
||